[Event "75 Bulgarian Individual Men"]
[Site "Bankya"]
[Date "2011.04.14"]
[Round "5.2"]
[White "Pantev, Veselin"]
[Black "Nikolov, Sasho"]
[Result "1/2-1/2"]
[WhiteElo "2396"]
[BlackElo "2429"]
[PlyCount "67"]
[EventDate "2011.04.11"]

1. d4 c5 2. d5 d6 3. c4 e5 4. Nc3 Be7 5. Qa4+ Nd7 6. Nf3 Ngf6 7. e4 O-O 8. Be2
a6 9. O-O Rb8 10. a3 Nh5 11. Nxe5 Nxe5 12. Bxh5 Bd7 13. Qb3 b5 14. cxb5 axb5
15. Be2 Bf6 16. Qc2 Re8 17. Bd2 Nc4 18. Bc1 Bd4 19. a4 Qa5 20. Ra2 Nxb2 21.
Bxb5 Bxb5 22. Nxb5 Rxb5 23. Bxb2 Rb4 24. Bxd4 Rxd4 25. f3 h6 26. h3 Ra8 27. Rd1
Rxa4 28. Rxa4 Qxa4 29. Qxa4 Rxa4 30. Rb1 f5 31. Rb6 fxe4 32. fxe4 Rxe4 33. Rxd6
Rd4 34. Rd7 1/2-1/2

[Event "75 Bulgarian Individual Men"]
[Site "Bankya"]
[Date "2011.04.14"]
[Round "5.3"]
[White "Berbatov, Kiprian"]
[Black "Popchev, Milko"]
[Result "1/2-1/2"]
[WhiteElo "2454"]
[BlackElo "2465"]
[PlyCount "52"]
[EventDate "2011.04.11"]

1. e4 d6 2. d4 e5 3. Nf3 exd4 4. Nxd4 Nf6 5. Nc3 Be7 6. g3 O-O 7. Bg2 c6 8. O-O
Na6 9. h3 Nc7 10. f4 d5 11. e5 Nd7 12. Kh2 Re8 13. Re1 Bf8 14. Qf3 Ne6 15. Be3
Nxd4 16. Bxd4 Bc5 17. Bxc5 Nxc5 18. b4 Ne6 19. Rad1 Qb6 20. a3 Nd4 21. Qd3 Nf5
22. Na4 Qc7 23. c4 Be6 24. Qc3 Rad8 25. b5 Ne7 26. bxc6 bxc6 1/2-1/2

[Event "75 Bulgarian Individual Men"]
[Site "Bankya"]
[Date "2011.04.14"]
[Round "5.4"]
[White "Nikolov, Momchil"]
[Black "Lalev, Dimitar"]
[Result "1-0"]
[WhiteElo "2571"]
[BlackElo "2389"]
[PlyCount "48"]
[EventDate "2011.04.11"]

1. d4 Nf6 2. c4 e6 3. Nc3 Bb4 4. Qc2 O-O 5. a3 Bxc3+ 6. Qxc3 d5 7. e3 b6 8. Nf3
Ba6 9. b4 Nbd7 10. Bb2 Bxc4 11. Bxc4 dxc4 12. Qxc4 c5 13. O-O Qb8 14. dxc5 Rc8
15. Bxf6 Nxf6 16. Rfc1 bxc5 17. bxc5 Rc7 18. Rc2 Qe8 19. Rac1 Rac8 20. h3 h6
21. Qa6 Nd7 22. Nd4 Nxc5 23. Qa5 Qe7 24. Qb4 Qf6 1-0

[Event "75 Bulgarian Individual Men"]
[Site "Bankya"]
[Date "2011.04.14"]
[Round "5.5"]
[White "Ninov, Nikolai"]
[Black "Rusev, Krasimir"]
[Result "1/2-1/2"]
[WhiteElo "2543"]
[BlackElo "2536"]
[PlyCount "45"]
[EventDate "2011.04.11"]

1. e4 e6 2. d4 d5 3. Nc3 dxe4 4. Nxe4 Nd7 5. Nf3 Ngf6 6. Bg5 h6 7. Nxf6+ Nxf6
8. Bh4 c5 9. Bb5+ Bd7 10. Bxd7+ Qxd7 11. Qe2 Be7 12. dxc5 Qc6 13. O-O-O O-O 14.
Ne5 Qxc5 15. Bxf6 Bxf6 16. Nd7 Bxb2+ 17. Kxb2 Qb4+ 18. Kc1 Qa3+ 19. Kb1 Qb4+
20. Ka1 Qc3+ 21. Kb1 Qb4+ 22. Kc1 Qa3+ 23. Kb1 1/2-1/2

[Event "75 Bulgarian Individual Men"]
[Site "Bankya"]
[Date "2011.04.14"]
[Round "5.6"]
[White "Arnaudov, G  Petar"]
[Black "Enchev, Ivajlo"]
[Result "1/2-1/2"]
[WhiteElo "2453"]
[BlackElo "2431"]
[PlyCount "103"]
[EventDate "2011.04.11"]

1. c4 c6 2. Nf3 d5 3. g3 Nf6 4. Bg2 Bf5 5. cxd5 cxd5 6. Qb3 Qc8 7. Nc3 e6 8. d3
Nc6 9. Bf4 Qd7 10. e4 Bg4 11. Ne5 Nxe5 12. Bxe5 Be7 13. h3 Bh5 14. g4 Bg6 15.
f4 dxe4 16. dxe4 Qc6 17. Qb5 h5 18. Qxc6+ bxc6 19. g5 Nd7 20. Bxg7 Rg8 21. Bd4
e5 22. Be3 exf4 23. Bxf4 Nc5 24. O-O-O Ne6 25. Be3 Bxg5 26. Bxg5 Nxg5 27. e5
Ke7 28. h4 Ne6 29. Bxc6 Rac8 30. Rd7+ Kf8 31. Bb5 Rc5 32. Rxa7 Kg7 33. Rg1 Rd8
34. Rd7 Rxd7 35. Bxd7 Nd4 36. Re1 Nf3 37. Re3 Nxh4 38. e6 fxe6 39. Rxe6 Nf3 40.
Re3 Nd4 41. Bh3 Nc2 42. Ne4 Nxe3+ 43. Nxc5 Bf5 44. Bxf5 Nxf5 45. a4 h4 46. Ne4
h3 47. Nf2 h2 48. Kd2 Kf7 49. a5 Nd6 50. Kd3 Ke6 51. a6 Nc8 52. Ke3 1/2-1/2

[Event "75 Bulgarian Individual Men"]
[Site "Bankya"]
[Date "2011.04.14"]
[Round "5.7"]
[White "Radulski, Julian"]
[Black "Spasov, Vasil"]
[Result "1/2-1/2"]
[WhiteElo "2586"]
[BlackElo "2590"]
[PlyCount "63"]
[EventDate "2011.04.11"]

1. e4 c5 2. Nf3 Nc6 3. Nc3 e6 4. d4 cxd4 5. Nxd4 Nf6 6. Ndb5 d6 7. Bf4 e5 8.
Bg5 a6 9. Na3 b5 10. Nd5 Be7 11. Bxf6 Bxf6 12. c3 Bg5 13. Nc2 O-O 14. a4 bxa4
15. Rxa4 a5 16. Bb5 Ne7 17. Ncb4 Bd7 18. Nxe7+ Bxe7 19. Bxd7 axb4 20. Bc6 Rxa4
21. Qxa4 bxc3 22. bxc3 Qb8 23. O-O Bd8 24. Qb5 Qxb5 25. Bxb5 Bb6 26. Ra1 Rc8
27. Bd7 Rb8 28. Bc6 Bc5 29. Ra8 Rxa8 30. Bxa8 g6 31. Kf1 Kg7 32. Ke2 1/2-1/2

[Event "75 Bulgarian Individual Men"]
[Site "Bankya"]
[Date "2011.04.15"]
[Round "6.1"]
[White "Chatalbashev, Boris"]
[Black "Spasov, Vasil"]
[Result "1/2-1/2"]
[WhiteElo "2602"]
[BlackElo "2590"]
[PlyCount "61"]
[EventDate "2011.04.11"]

1. d4 Nf6 2. Nf3 g6 3. Nc3 d5 4. Bf4 Bg7 5. e3 O-O 6. Be2 Bg4 7. h3 Bxf3 8.
Bxf3 c6 9. O-O Nbd7 10. e4 dxe4 11. Nxe4 Nxe4 12. Bxe4 e5 13. dxe5 Nxe5 14. c3
Re8 15. Re1 Qf6 16. Bxe5 Rxe5 17. Bf3 Rae8 18. Rxe5 Qxe5 19. Qd7 Qe7 20. Qxe7
Rxe7 21. Rd1 Kf8 22. Kf1 Ke8 23. g3 Rd7 24. Ke2 Rxd1 25. Kxd1 Ke7 26. h4 h5 27.
Be4 a5 28. a4 Be5 29. Kd2 Bd6 30. Bd3 Bc5 31. Ke2 1/2-1/2

[Event "75 Bulgarian Individual Men"]
[Site "Bankya"]
[Date "2011.04.15"]
[Round "6.2"]
[White "Enchev, Ivajlo"]
[Black "Radulski, Julian"]
[Result "0-1"]
[WhiteElo "2431"]
[BlackElo "2586"]
[PlyCount "64"]
[EventDate "2011.04.11"]

1. d4 d5 2. c4 e6 3. Nc3 Nf6 4. cxd5 exd5 5. Bg5 Be7 6. e3 O-O 7. Bd3 Nbd7 8.
Nf3 c6 9. Qc2 Re8 10. O-O Nf8 11. h3 g6 12. Bxf6 Bxf6 13. b4 a6 14. a4 a5 15.
b5 Ne6 16. bxc6 bxc6 17. Rac1 Bd7 18. Rfd1 Rb8 19. Bf1 Bg7 20. Ne5 Bxe5 21.
dxe5 Rb4 22. f4 Qb6 23. Qf2 Nc5 24. e4 d4 25. Na2 Nxe4 26. Qf3 d3+ 27. Kh2 d2
28. Rc4 Rxc4 29. Bxc4 Qd4 30. Bd3 Bf5 31. g4 Rd8 32. Bc2 Ng5 0-1

[Event "75 Bulgarian Individual Men"]
[Site "Bankya"]
[Date "2011.04.15"]
[Round "6.3"]
[White "Rusev, Krasimir"]
[Black "Arnaudov, G  Petar"]
[Result "1/2-1/2"]
[WhiteElo "2536"]
[BlackElo "2453"]
[PlyCount "65"]
[EventDate "2011.04.11"]

1. c4 c5 2. Nc3 Nc6 3. g3 g6 4. Bg2 Bg7 5. Nf3 d6 6. O-O Nf6 7. a3 O-O 8. Rb1
a5 9. d3 Bd7 10. Bd2 Ne8 11. Ne1 Nc7 12. Nc2 Rb8 13. b4 axb4 14. axb4 Nxb4 15.
Nxb4 cxb4 16. Rxb4 b5 17. cxb5 Nxb5 18. Nxb5 Rxb5 19. Rxb5 Bxb5 20. Qb3 Qd7 21.
Rc1 Ba4 22. Qb4 Qb5 23. Qxb5 Bxb5 24. Bc3 Rc8 25. Bb2 Rxc1+ 26. Bxc1 Bd4 27.
Bd2 Kg7 28. e3 Bb6 29. Bc3+ f6 30. d4 e5 31. Bb4 exd4 32. exd4 Bxd4 33. Bxd6
1/2-1/2

[Event "75 Bulgarian Individual Men"]
[Site "Bankya"]
[Date "2011.04.15"]
[Round "6.4"]
[White "Lalev, Dimitar"]
[Black "Ninov, Nikolai"]
[Result "0-1"]
[WhiteElo "2389"]
[BlackElo "2543"]
[PlyCount "63"]
[EventDate "2011.04.11"]

1. d4 Nf6 2. Nf3 e6 3. c4 d5 4. Nc3 c6 5. Bg5 dxc4 6. e4 b5 7. e5 h6 8. Bh4 g5
9. Nxg5 hxg5 10. Bxg5 Nbd7 11. exf6 Bb7 12. g3 c5 13. d5 Qb6 14. Bg2 O-O-O 15.
O-O b4 16. Na4 Qb5 17. a3 Ne5 18. axb4 cxb4 19. Qd4 Nc6 20. dxc6 Rxd4 21. cxb7+
Kb8 22. Be3 e5 23. b3 c3 24. Rad1 Rd6 25. Rxd6 Bxd6 26. Ra1 a6 27. Nb6 c2 28.
Be4 Qe2 29. Nc8 Bc5 30. Bxc5 Qxe4 31. Ba7+ Kxb7 32. h3 0-1

[Event "75 Bulgarian Individual Men"]
[Site "Bankya"]
[Date "2011.04.15"]
[Round "6.5"]
[White "Popchev, Milko"]
[Black "Nikolov, Momchil"]
[Result "0-1"]
[WhiteElo "2465"]
[BlackElo "2571"]
[PlyCount "144"]
[EventDate "2011.04.11"]

1. d4 Nf6 2. c3 d5 3. Bf4 c5 4. e3 Nc6 5. Nf3 Qb6 6. Qb3 c4 7. Qxb6 axb6 8. Na3
h6 9. Be2 Bf5 10. Nd2 e6 11. Nb5 Kd7 12. b3 cxb3 13. Nxb3 Ba3 14. Nxa3 Rxa3 15.
Be5 Rha8 16. Bxf6 gxf6 17. O-O Bc2 18. Bd1 Bxd1 19. Rfxd1 Rxa2 20. Kf1 R8a3 21.
Rxa2 Rxa2 22. Nc1 Ra3 23. Ne2 Na5 24. f3 Nc4 25. Kf2 b5 26. e4 dxe4 27. fxe4
Nd6 28. Ke3 b4 29. Kd3 bxc3 30. Rb1 Kc7 31. e5 fxe5 32. dxe5 c2+ 33. Kxc2 Nc4
34. Nc3 Ra5 35. Rb4 Nxe5 36. Rh4 Rc5 37. Kb3 Kd7 38. Rxh6 Ke7 39. Rh8 Rc7 40.
Rh5 f5 41. Rh7+ Nf7 42. g4 fxg4 43. Rg7 Rc5 44. Rxg4 Rh5 45. h4 Nd6 46. Ne2 e5
47. Ng3 Rh6 48. h5 Ke6 49. Rg7 b6 50. Rg8 Rf6 51. Kc2 Kd5 52. Rg4 Rf2+ 53. Kd3
Rh2 54. Ke3 b5 55. Kf3 Nc4 56. Rg8 b4 57. Rd8+ Kc6 58. Rc8+ Kb5 59. Ne4 Nd2+
60. Kg3 Nf1+ 61. Kg4 b3 62. Nd6+ Kb4 63. Rc4+ Ka3 64. Re4 Nd2 65. Nb5+ Ka2 66.
Rxe5 b2 67. Re3 Nc4 68. Re8 Kb3 69. Re1 Nd2 70. Re3+ Kb4 71. Na3 Nc4 72. Nxc4
b1=Q 0-1

[Event "75 Bulgarian Individual Men"]
[Site "Bankya"]
[Date "2011.04.15"]
[Round "6.6"]
[White "Nikolov, Sasho"]
[Black "Berbatov, Kiprian"]
[Result "1/2-1/2"]
[WhiteElo "2429"]
[BlackElo "2454"]
[PlyCount "222"]
[EventDate "2011.04.11"]

1. d4 Nf6 2. c4 g6 3. Nc3 Bg7 4. e4 d6 5. Nf3 O-O 6. Be2 e5 7. O-O Nc6 8. d5
Ne7 9. Ne1 Nd7 10. Be3 f5 11. f3 f4 12. Bf2 g5 13. a4 a5 14. Nd3 c5 15. dxc6
bxc6 16. b4 axb4 17. Nxb4 Nc5 18. a5 Ne6 19. Bb6 Qd7 20. c5 Nd4 21. Bc4+ Kh8
22. a6 h5 23. Ra5 d5 24. exd5 cxd5 25. Ncxd5 g4 26. Nc7 gxf3 27. Nxa8 Qg4 28.
Ra2 e4 29. c6 Ne2+ 30. Rxe2 fxe2 31. Bxe2 f3 32. Rf2 fxe2 33. Qxe2 Qxe2 34.
Rxe2 Nxc6 35. Bc5 Rf5 36. Rxe4 Rxc5 37. Re8+ Kh7 38. Rxc8 Bd4+ 39. Kf1 Rf5+ 40.
Ke1 Nxb4 41. Rc4 Bf2+ 42. Ke2 Nxa6 43. Nc7 Nxc7 44. Rxc7+ Kg6 45. Rc3 Bg1 46.
Rg3+ Kh6 47. Rf3 Ra5 48. h4 Ra2+ 49. Kf1 Bd4 50. g3 Kg6 51. Rf4 Bc5 52. Rf3 Rc2
53. Rf4 Rd2 54. Rf3 Bd4 55. Rf4 Be5 56. Rf3 Bf6 57. Rf2 Rd5 58. Kg2 Kf7 59. Rf4
Ke6 60. g4 Bxh4 61. gxh5 Rxh5 62. Kf3 Bf6 63. Rc4 Be5 64. Ke4 Kd6 65. Rc8 Rh4+
66. Kd3 Kd5 67. Rd8+ Bd6 68. Ke3 Rh3+ 69. Kf2 Ke5 70. Ke2 Ra3 71. Kd2 Bb4+ 72.
Ke2 Ke4 73. Re8+ Kf4 74. Re7 Bc5 75. Re8 Bd4 76. Kd2 Be5 77. Kc2 Ke4 78. Re7
Rc3+ 79. Kd2 Rb3 80. Re8 Rb2+ 81. Ke1 Kf4 82. Kf1 Ra2 83. Ke1 Bc3+ 84. Kd1 Kf3
85. Kc1 Bd4 86. Kb1 Rh2 87. Kc1 Be3+ 88. Kb1 Rd2 89. Rc8 Ke4 90. Rc2 Rd1+ 91.
Ka2 Kd3 92. Rc6 Bd4 93. Kb3 Rb1+ 94. Ka4 Bb6 95. Rc8 Kd4 96. Rc2 Bc5 97. Ka5
Kd5 98. Rh2 Kc6 99. Ka4 Rb4+ 100. Ka5 Rg4 101. Rh6+ Bd6 102. Re6 Rg3 103. Re4
Rb3 104. Rc4+ Bc5 105. Rh4 Re3 106. Rh6+ Bd6 107. Rh4 Re8 108. Ka4 Re3 109. Ka5
Rg3 110. Rc4+ Bc5 111. Rh4 Bb6+ 1/2-1/2

[Event "75 Bulgarian Individual Men"]
[Site "Bankya"]
[Date "2011.04.15"]
[Round "6.7"]
[White "Delchev, Aleksander"]
[Black "Pantev, Veselin"]
[Result "1-0"]
[WhiteElo "2625"]
[BlackElo "2396"]
[PlyCount "79"]
[EventDate "2011.04.11"]

1. c4 Nf6 2. g3 c5 3. Bg2 Nc6 4. Nf3 e5 5. Nc3 d6 6. d3 h6 7. a3 Be7 8. Nd2 O-O
9. Nf1 Nh7 10. Ne3 Bg5 11. Ned5 Bxc1 12. Rxc1 Nf6 13. Nxf6+ Qxf6 14. O-O Qd8
15. e3 Rb8 16. Rb1 a5 17. Qd2 Be6 18. f4 exf4 19. gxf4 f5 20. Rf3 Kh8 21. Rg3
Ne7 22. Kh1 d5 23. cxd5 Nxd5 24. Nxd5 Bxd5 25. Rg1 Rf7 26. Qc3 Bxg2+ 27. R1xg2
Qd7 28. Rg6 Kh7 29. e4 fxe4 30. dxe4 Qd1+ 31. Rg1 Qd4 32. Qc2 Re8 33. e5 Qe4+
34. R1g2 Kh8 35. Qe2 Rxf4 36. Rxg7 Re7 37. Qf1 Rxe5 38. R7g6 Re6 39. Rf6 Qe1
40. Rxh6+ 1-0

[Event "75 Bulgarian Individual Men"]
[Site "Bankya"]
[Date "2011.04.16"]
[Round "7.1"]
[White "Pantev, Veselin"]
[Black "Chatalbashev, Boris"]
[Result "0-1"]
[WhiteElo "2396"]
[BlackElo "2602"]
[PlyCount "66"]
[EventDate "2011.04.11"]

1. d4 d6 2. Nf3 c5 3. c4 Nf6 4. Nc3 cxd4 5. Nxd4 Nc6 6. e3 g6 7. Be2 Bg7 8. O-O
O-O 9. b3 Nxd4 10. exd4 d5 11. Be3 b6 12. Qd2 Bb7 13. Rfd1 Rc8 14. Rac1 Qd7 15.
Bg5 Rfd8 16. Qe3 dxc4 17. bxc4 Ba6 18. Bxf6 exf6 19. Nd5 Re8 20. Qa3 Rxe2 21.
Qxa6 f5 22. c5 Ree8 23. Ne3 Bh6 24. Qd3 f4 25. c6 Rxc6 26. Rxc6 Qxc6 27. d5 Qc5
28. Ng4 Bg7 29. d6 h5 30. d7 Rd8 31. Qe4 hxg4 32. Qe8+ Qf8 33. Re1 Bf6 0-1

[Event "75 Bulgarian Individual Men"]
[Site "Bankya"]
[Date "2011.04.16"]
[Round "7.2"]
[White "Berbatov, Kiprian"]
[Black "Delchev, Aleksander"]
[Result "1/2-1/2"]
[WhiteElo "2454"]
[BlackElo "2625"]
[PlyCount "111"]
[EventDate "2011.04.11"]

1. e4 e5 2. Nf3 Nc6 3. Nc3 Nf6 4. Bb5 Nd4 5. Ba4 Nxf3+ 6. Qxf3 c6 7. O-O d6 8.
d3 Be7 9. Qe2 O-O 10. f4 Bg4 11. Qe1 exf4 12. Bxf4 Be6 13. Bb3 d5 14. exd5 Nxd5
15. Nxd5 Bxd5 16. Be5 Bxb3 17. axb3 f6 18. Bc3 Bc5+ 19. Kh1 Bd4 20. Qe6+ Rf7
21. Rfe1 Bxc3 22. bxc3 Qd7 23. Kg1 a6 24. Qxd7 Rxd7 25. Kf2 Kf7 26. d4 Re8 27.
Rxe8 Kxe8 28. Ke3 Rd5 29. c4 Rh5 30. h3 Kd7 31. c5 f5 32. Rf1 Ke6 33. Re1 Kd7
34. Kf3 Rh6 35. Re5 g6 36. Kg3 Rh5 37. c3 Rg5+ 38. Kf3 h5 39. g3 h4 40. gxh4
Rh5 41. Kg3 a5 42. Re2 Rh8 43. c4 Ra8 44. Kf4 Rh8 45. Kg3 Ra8 46. Kf4 Rh8 47.
Kg5 Rh5+ 48. Kxg6 Rxh4 49. Re3 Rxd4 50. Kxf5 a4 51. bxa4 Rxc4 52. Re4 Rxc5+ 53.
Kg6 b5 54. axb5 cxb5 55. h4 Rc4 56. Rxc4 1/2-1/2

[Event "75 Bulgarian Individual Men"]
[Site "Bankya"]
[Date "2011.04.16"]
[Round "7.3"]
[White "Nikolov, Momchil"]
[Black "Nikolov, Sasho"]
[Result "1-0"]
[WhiteElo "2571"]
[BlackElo "2429"]
[PlyCount "55"]
[EventDate "2011.04.11"]

1. d4 Nf6 2. c4 e6 3. Nc3 Bb4 4. Qc2 d5 5. cxd5 exd5 6. Bg5 h6 7. Bxf6 Qxf6 8.
a3 Bxc3+ 9. Qxc3 O-O 10. e3 Nc6 11. Nf3 Re8 12. Be2 Bf5 13. O-O Rad8 14. b4 a6
15. Rfc1 Rd6 16. a4 Re7 17. b5 axb5 18. axb5 Nd8 19. Ra8 Kh7 20. Rb8 Be4 21.
Ne5 Qh4 22. Bd3 f5 23. f3 Nf7 24. fxe4 fxe4 25. Bf1 Rf6 26. Qe1 Qh5 27. Be2 Qg5
28. Qg3 1-0

[Event "75 Bulgarian Individual Men"]
[Site "Bankya"]
[Date "2011.04.16"]
[Round "7.4"]
[White "Ninov, Nikolai"]
[Black "Popchev, Milko"]
[Result "1/2-1/2"]
[WhiteElo "2543"]
[BlackElo "2465"]
[PlyCount "63"]
[EventDate "2011.04.11"]

1. e4 e5 2. Nf3 Nf6 3. Nxe5 d6 4. Nf3 Nxe4 5. Qe2 Qe7 6. d3 Nf6 7. Bg5 Qxe2+ 8.
Bxe2 Be7 9. Nc3 c6 10. O-O-O d5 11. Rhe1 Na6 12. Nd4 O-O 13. Bf3 Bd8 14. Nce2
Nc7 15. h3 Ne6 16. Nxe6 Bxe6 17. Nf4 Re8 18. Re2 h6 19. Bxf6 Bxf6 20. Nxe6 Rxe6
21. Rde1 Rxe2 22. Rxe2 Kf8 23. c3 g6 24. d4 h5 25. Kc2 Re8 26. Rxe8+ Kxe8 27.
Kd3 Ke7 28. Bd1 Kd6 29. Ke3 c5 30. g3 cxd4+ 31. cxd4 a6 32. h4 1/2-1/2

[Event "75 Bulgarian Individual Men"]
[Site "Bankya"]
[Date "2011.04.16"]
[Round "7.5"]
[White "Arnaudov, G  Petar"]
[Black "Lalev, Dimitar"]
[Result "1/2-1/2"]
[WhiteElo "2453"]
[BlackElo "2389"]
[PlyCount "121"]
[EventDate "2011.04.11"]

1. Nf3 c5 2. c4 Nc6 3. d4 cxd4 4. Nxd4 Nf6 5. Nc3 Qb6 6. Nb3 e6 7. a3 d5 8.
cxd5 Nxd5 9. Bd2 Be7 10. e4 Nxc3 11. Bxc3 O-O 12. Bc4 e5 13. O-O Be6 14. Nd2
Nd4 15. Bxe6 Qxe6 16. Bxd4 exd4 17. Nb3 Rfd8 18. Qd3 Rd7 19. Rac1 Rad8 20. Rc2
g6 21. Rfc1 Bf8 22. g3 Re8 23. Re1 a6 24. Rc4 Qb6 25. Rc2 Qb5 26. Nc1 Qa5 27.
Rce2 Qb6 28. Kg2 Bh6 29. f4 Bg7 30. Qf3 d3 31. Nxd3 Red8 32. Nb4 Rd2 33. b3 Qa5
34. Nd5 Rxe2+ 35. Rxe2 Qxa3 36. f5 Qd6 37. Rd2 Qe5 38. f6 Bf8 39. Qf4 Qe6 40.
Rd3 Rc8 41. Ne3 b5 42. h3 a5 43. Qg4 Qxg4 44. hxg4 a4 45. bxa4 bxa4 46. Nd5 Ra8
47. Ne7+ Kh8 48. Ra3 h6 49. Kf3 Kh7 50. Ke3 Ra5 51. Kd4 Ra6 52. e5 Ra7 53. Kd5
Bxe7 54. fxe7 Rxe7 55. Rxa4 Kg7 56. Rb4 Ra7 57. Ke4 Kf8 58. Rb8+ Ke7 59. Rh8
Ra4+ 60. Kf3 Ra3+ 61. Kg2 1/2-1/2

[Event "75 Bulgarian Individual Men"]
[Site "Bankya"]
[Date "2011.04.16"]
[Round "7.6"]
[White "Radulski, Julian"]
[Black "Rusev, Krasimir"]
[Result "1-0"]
[WhiteElo "2586"]
[BlackElo "2536"]
[PlyCount "89"]
[EventDate "2011.04.11"]

1. e4 e5 2. Nf3 Nc6 3. Bb5 a6 4. Ba4 Nf6 5. O-O Be7 6. Re1 b5 7. Bb3 d6 8. c3
O-O 9. h3 Bb7 10. d4 Nd7 11. Bc2 Re8 12. d5 Na5 13. Nbd2 c6 14. b4 Nc4 15. Nxc4
bxc4 16. dxc6 Bxc6 17. Qe2 Nb6 18. a4 a5 19. b5 Bd7 20. Be3 Be6 21. Rad1 Nd7
22. Rd2 h6 23. Nh2 Qc7 24. Qh5 Nf6 25. Qf3 Rad8 26. Red1 Qb7 27. Nf1 Kh7 28.
Ng3 g6 29. Qe2 d5 30. exd5 Bxd5 31. Nh5 Bxg2 32. Qxc4 Nd5 33. Be4 Bxe4 34. Qxe4
f5 35. Qc4 f4 36. Rxd5 fxe3 37. Ng3 exf2+ 38. Kf1 Rc8 39. Qd3 Rf8 40. Ne4 Rc7
41. c4 Qc8 42. c5 Qf5 43. b6 Rb7 44. Rd2 Bxc5 45. Rxc5 1-0

[Event "75 Bulgarian Individual Men"]
[Site "Bankya"]
[Date "2011.04.16"]
[Round "7.7"]
[White "Spasov, Vasil"]
[Black "Enchev, Ivajlo"]
[Result "1/2-1/2"]
[WhiteElo "2590"]
[BlackElo "2431"]
[PlyCount "68"]
[EventDate "2011.04.11"]

1. e4 c6 2. d4 d5 3. Nc3 dxe4 4. Nxe4 Bf5 5. Ng3 Bg6 6. h4 h6 7. Nf3 Nd7 8. h5
Bh7 9. Bd3 Bxd3 10. Qxd3 e6 11. Bf4 Qa5+ 12. Bd2 Qc7 13. O-O-O Ngf6 14. Ne4 Be7
15. Kb1 O-O-O 16. g3 c5 17. Bf4 Qc6 18. Nxf6 Bxf6 19. d5 exd5 20. Qxd5 Ne5 21.
Qxc6+ Nxc6 22. c3 Rxd1+ 23. Rxd1 Re8 24. Kc2 Re2+ 25. Rd2 Rxd2+ 26. Nxd2 Kd7
27. Kd3 Be5 28. Be3 Bd6 29. Ke4 Ke6 30. g4 Ne7 31. a4 b6 32. Nc4 f5+ 33. gxf5+
Nxf5 34. Bd2 Bc7 1/2-1/2

[Event "75 Bulgarian Individual Men"]
[Site "Bankya"]
[Date "2011.04.17"]
[Round "8.1"]
[White "Chatalbashev, Boris"]
[Black "Enchev, Ivajlo"]
[Result "1-0"]
[WhiteElo "2602"]
[BlackElo "2431"]
[PlyCount "53"]
[EventDate "2011.04.11"]

1. d4 d5 2. Nf3 Nf6 3. c4 c6 4. e3 e6 5. b3 Nbd7 6. Bd3 Bd6 7. Bb2 O-O 8. Nbd2
dxc4 9. bxc4 c5 10. O-O b6 11. d5 exd5 12. cxd5 Re8 13. Bb5 a6 14. Bc6 Rb8 15.
Nc4 Bf8 16. Qc2 b5 17. Nce5 Bd6 18. Bxd7 Bxd7 19. a4 Ng4 20. Nxf7 Kxf7 21. Qxh7
Rg8 22. axb5 axb5 23. Ra6 Qe7 24. h3 Nh6 25. e4 Ke8 26. Qg6+ Nf7 27. e5 1-0

[Event "75 Bulgarian Individual Men"]
[Site "Bankya"]
[Date "2011.04.17"]
[Round "8.2"]
[White "Rusev, Krasimir"]
[Black "Spasov, Vasil"]
[Result "1/2-1/2"]
[WhiteElo "2536"]
[BlackElo "2590"]
[PlyCount "61"]
[EventDate "2011.04.11"]

1. d4 Nf6 2. c4 g6 3. Nc3 Bg7 4. e4 d6 5. h3 O-O 6. Nf3 e5 7. dxe5 dxe5 8. Qxd8
Rxd8 9. Bg5 Re8 10. Nd5 Nxd5 11. cxd5 c6 12. Bc4 cxd5 13. Bxd5 Nc6 14. O-O-O
Be6 15. Bxe6 Rxe6 16. Be3 Bf8 17. Kb1 f6 18. Rd7 Re7 19. Rhd1 Rae8 20. a3 Rxd7
21. Rxd7 Re7 22. Rxe7 Bxe7 23. Kc2 Kf7 24. Kd3 Ke6 25. Nd2 b5 26. f3 a6 27. g4
Bd6 28. Bb6 Be7 29. Be3 Bd6 30. Bb6 Be7 31. Be3 1/2-1/2

[Event "75 Bulgarian Individual Men"]
[Site "Bankya"]
[Date "2011.04.17"]
[Round "8.3"]
[White "Lalev, Dimitar"]
[Black "Radulski, Julian"]
[Result "0-1"]
[WhiteElo "2389"]
[BlackElo "2586"]
[PlyCount "58"]
[EventDate "2011.04.11"]

1. d4 d5 2. c4 e6 3. Nf3 Nf6 4. Nc3 Be7 5. Bg5 Nbd7 6. e3 h6 7. Bh4 O-O 8. cxd5
Nxd5 9. Bxe7 Qxe7 10. Nxd5 exd5 11. Bd3 Nf6 12. O-O Bg4 13. Qb3 Bxf3 14. gxf3
c6 15. Kh1 Rfd8 16. Rg1 b6 17. Rg3 c5 18. Rag1 c4 19. Rxg7+ Kh8 20. Bxc4 Nh5
21. R7g4 dxc4 22. Qb5 Nf6 23. Rh4 Ng8 24. Qh5 Rd6 25. d5 Rg6 26. Rhg4 Rxg4 27.
Qxg4 Qf6 28. e4 Ne7 29. Qh5 Rg8 0-1

[Event "75 Bulgarian Individual Men"]
[Site "Bankya"]
[Date "2011.04.17"]
[Round "8.4"]
[White "Popchev, Milko"]
[Black "Arnaudov, G  Petar"]
[Result "1/2-1/2"]
[WhiteElo "2465"]
[BlackElo "2453"]
[PlyCount "77"]
[EventDate "2011.04.11"]

1. g3 d5 2. Bg2 e5 3. d3 c5 4. Nf3 Nc6 5. O-O Be7 6. c4 d4 7. e3 Nf6 8. exd4
exd4 9. Bg5 O-O 10. Re1 h6 11. Bxf6 Bxf6 12. Nbd2 Bg4 13. a3 Qc7 14. Qa4 Bd7
15. Qc2 a5 16. Re2 Rfe8 17. Rae1 Rxe2 18. Rxe2 Re8 19. Ne4 Be7 20. Ned2 Bf6 21.
Qd1 Rxe2 22. Qxe2 a4 23. Ne1 Qb6 24. Ne4 Be7 25. f4 Qb3 26. Bf3 Kf8 27. Nf2 b5
28. Bd5 b4 29. Qe4 f5 30. Qe2 bxa3 31. bxa3 Qxa3 32. Bxc6 Bxc6 33. Qe6 Bb7 34.
Qxf5+ Ke8 35. Qg6+ Kd8 36. Qb6+ Kc8 37. Qe6+ Kd8 38. Qb6+ Kc8 39. Qe6+ 1/2-1/2

[Event "75 Bulgarian Individual Men"]
[Site "Bankya"]
[Date "2011.04.17"]
[Round "8.5"]
[White "Nikolov, Sasho"]
[Black "Ninov, Nikolai"]
[Result "1/2-1/2"]
[WhiteElo "2429"]
[BlackElo "2543"]
[PlyCount "62"]
[EventDate "2011.04.11"]

1. d4 Nf6 2. c4 e6 3. Nc3 Bb4 4. Qc2 d5 5. cxd5 Qxd5 6. Nf3 Qf5 7. Qb3 Nc6 8.
h3 O-O 9. g4 Qd5 10. Qxd5 Nxd5 11. Bd2 Rd8 12. O-O-O Nxc3 13. Bxc3 b6 14. Bg2
Bxc3 15. bxc3 Bb7 16. Ne5 Na5 17. Bxb7 Nxb7 18. g5 Kf8 19. h4 c5 20. Rh3 cxd4
21. cxd4 Rac8+ 22. Kb2 Nd6 23. Rc3 Rxc3 24. Kxc3 Rc8+ 25. Kd3 Ke7 26. h5 b5 27.
Rb1 a6 28. a4 f6 29. gxf6+ gxf6 30. Nf3 f5 31. axb5 axb5 1/2-1/2

[Event "75 Bulgarian Individual Men"]
[Site "Bankya"]
[Date "2011.04.17"]
[Round "8.6"]
[White "Delchev, Aleksander"]
[Black "Nikolov, Momchil"]
[Result "1-0"]
[WhiteElo "2625"]
[BlackElo "2571"]
[PlyCount "77"]
[EventDate "2011.04.11"]

1. c4 Nf6 2. g3 c5 3. Bg2 d5 4. cxd5 Nxd5 5. Nc3 Nc7 6. Nf3 Nc6 7. O-O e5 8. a3
f6 9. e3 Be7 10. d4 cxd4 11. exd4 exd4 12. Ne2 Ne6 13. b4 d3 14. Nf4 Nxf4 15.
Bxf4 O-O 16. b5 Na5 17. Rc1 Bd6 18. Bd2 a6 19. Rc3 Bc7 20. Qb1 axb5 21. Rxd3
Qe8 22. Re1 Qh5 23. Nd4 Bd7 24. Re7 Rad8 25. Bf3 Qg6 26. Be4 f5 27. Bd5+ Kh8
28. Nxb5 Nc6 29. Bxc6 Bxc6 30. Bc3 Rf7 31. Rxc7 Rdf8 32. Rxf7 Qxf7 33. Nd6 Qg6
34. f4 h5 35. Qe1 Ra8 36. Qe7 Kh7 37. Nf7 Re8 38. Ng5+ Kh6 39. Bxg7+ 1-0

[Event "75 Bulgarian Individual Men"]
[Site "Bankya"]
[Date "2011.04.17"]
[Round "8.7"]
[White "Pantev, Veselin"]
[Black "Berbatov, Kiprian"]
[Result "1/2-1/2"]
[WhiteElo "2396"]
[BlackElo "2454"]
[PlyCount "104"]
[EventDate "2011.04.11"]

1. d4 Nf6 2. Nf3 c5 3. c3 e6 4. Bg5 Be7 5. e3 b6 6. Bd3 Ba6 7. O-O O-O 8. Bxf6
Bxf6 9. Bxa6 Nxa6 10. d5 exd5 11. Qxd5 Nc7 12. Qd6 Be7 13. Qd3 d5 14. Nbd2 Qd6
15. Rad1 Rad8 16. Rfe1 Rfe8 17. Nf1 g6 18. Qc2 Bf8 19. e4 Qc6 20. exd5 Nxd5 21.
Rxe8 Rxe8 22. Qd2 Nf6 23. c4 Re6 24. b3 Rd6 25. Qc2 Rxd1 26. Qxd1 Qd6 27. Ne3
Qxd1+ 28. Nxd1 Ne4 29. Kf1 Bg7 30. Ke2 f5 31. Ne1 Kf7 32. f3 Nc3+ 33. Nxc3 Bxc3
34. Nd3 g5 35. g4 Kf6 36. h3 h6 37. Kd1 Bd4 38. Kc2 Ke6 39. a3 a5 40. a4 f4 41.
Kd2 Be3+ 42. Ke2 Bd4 43. h4 Kf6 44. hxg5+ hxg5 45. Kd2 Ke6 46. Ne1 Ke5 47. Nc2
Bb2 48. Ke2 Ke6 49. Kd2 Ke5 50. Kd3 Bc1 51. Kc3 Ke6 52. Ne1 Be3 1/2-1/2